[Event "RHP Coorespondance"]
[Date "2007.10.03"]
[EndDate "2007.10.09"]
[Round "?"]
[White "Tomasino, James"]
[Black "Rosen, Joshua"]
[WhiteRating "1785"]
[BlackRating "1042"]
[WhiteElo "1785"]
[BlackElo "1042"]
[Result "1-0"]
[GameId "4104171"]

1. d4 d5 2. c4 dxc4 3. Nb1c3 e6 4. e4 Bf8d6 5. e5 Bd6b4 6. Bc1d2 Nb8c6 7. Bf1xc4 Qd8xd4 8. Bc4e2 Qd4xe5 9. Ng1f3 Qe5d6 10. O-O Ng8f6 11. a3 Bb4a5 12. b4 Ba5b6 13. Nc3b5 Qd6d7 14. a4 Nf6d5 15. a5 Nc6xa5 16. bxa5 Bb6c5 17. Nf3e5 Qd7e7 18. Be2c4 Qe7f6 19. Ne5g4 Qf6f5 20. Bc4xd5 exd5 21. Nb5xc7 Ke8e7 22. Qd1e2 Ke7d6 23. Nc7xa8 Bc8d7 24. g3 Rh8xa8 25. Bd2f4 Kd6c6 26. Ra1b1 Qf5e4 27. Qe2b5 1-0

[Event "RHP Coorespondance"]
[Date "2007.10.01"]
[EndDate "2007.10.15"]
[Round "?"]
[White "Lyden, John"]
[Black "Tomasino, James"]
[WhiteRating "977"]
[BlackRating "1785"]
[WhiteElo "977"]
[BlackElo "1785"]
[Result "0-1"]
[GameId "4093684"]

1. e4 c5 2. Bf1e2 Nb8c6 3. g4 d5 4. d3 e5 5. c4 d4 6. a4 Bf8e7 7. b4 Nc6xb4 8. Ng1f3 Bc8xg4 9. h3 Bg4xf3 10. Be2xf3 Be7h4 11. Nb1a3 a6 12. Qd1d2 Qd8f6 13. O-O Qf6xf3 14. Na3c2 Nb4xd3 15. Bc1a3 Qf3xh3 16. Qd2a5 Bh4xf2 17. Rf1xf2 Nd3xf2 18. Qa5xc5 Qh3g3 19. Kg1f1 Qg3d3 20. Kf1xf2 Qd3xc2 21. Kf2f3 Qc2c3 22. Kf3g4 Ng8f6 23. Kg4f5 Qc3f3 24. Kf5xe5 Qf3xe4 25. Ke5d6 Qe4f4 26. Qc5e5 Qf4xe5 27. Kd6xe5 O-O-O 28. Ba3c5 Rh8e8 29. Ke5f5 d3 30. Kf5f4 Re8e4 31. Kf4f3 d2 32. Ra1d1 Rd8d3 33. Kf3g2 Re4g4 34. Kg2f2 Nf6e4 35. Kf2e2 Ne4xc5 36. Rd1xd2 Rg4g2 37. Ke2f1 Rg2xd2 38. Kf1e1 Rd2d1 39. Ke1e2 Rd1a1 0-1

[Event "RHP Coorespondance"]
[Date "2007.09.30"]
[EndDate "2007.11.25"]
[Round "?"]
[White "Orlando, Christopher"]
[Black "Tomasino, James"]
[WhiteRating "1522"]
[BlackRating "1785"]
[WhiteElo "1522"]
[BlackElo "1785"]
[Result "0-1"]
[GameId "4092865"]

1. e4 c5 2. d4 cxd4 3. Qd1xd4 Nb8c6 4. Qd4e3 e5 5. Ng1f3 d5 6. exd5 Qd8xd5 7. Nb1c3 Qd5a5 8. a3 Bc8e6 9. b4 Nc6xb4 10. Qe3e2 Be6c4 11. Qe2xc4 Nb4xc2 12. Ke1d2 Nc2xa1 13. Bf1d3 Bf8d6 14. Nf3g5 Ng8h6 15. Bc1b2 O-O 16. Qc4e4 g6 17. Qe4h4 Kg8g7 18. f4 Na1b3 19. Kd2c2 Nb3d4 20. Kc2d2 exf4 21. g3 Bd6e7 22. gxf4 Be7xg5 23. Qh4f2 Ra8d8 24. fxg5 Qa5xg5 25. Qf2e3 Nd4f3 26. Kd2e2 Qg5g2 27. Qe3f2 Nf3d4 28. Ke2d2 Qg2xf2 29. Nc3e2 Rf8e8 30. Rh1e1 f6 31. Bd3c4 Nd4f3 32. Kd2c3 Qf2xe1 33. Kc3b3 Re8e3 34. Ne2c3 b6 35. a4 a5 36. Kb3a2 Nf3d2 37. h4 Nd2xc4 38. Bb2a1 Rd8d2 39. Ka2b3 Qe1b1 40. Kb3xc4 Qb1b4 0-1

[Event "September 2007 Threesomes IV"]
[Date "2007.09.24"]
[EndDate "2007.10.31"]
[Round "1"]
[White "hetman55"]
[Black "Tomasino, James"]
[WhiteRating "1110"]
[BlackRating "1785"]
[WhiteElo "1110"]
[BlackElo "1785"]
[Result "0-1"]
[GameId "4066122"]

1. d4 Ng8f6 2. Ng1f3 g6 3. Nb1c3 d5 4. h3 Bf8g7 5. Bc1f4 Nb8c6 6. e3 Bc8f5 7. Bf1b5 O-O 8. Bb5xc6 bxc6 9. b4 a6 10. Nf3e5 Qd8e8 11. a4 Ra8b8 12. Ra1b1 Nf6e4 13. Nc3xe4 Bf5xe4 14. f3 Be4f5 15. g4 Bf5e6 16. Ne5d3 a5 17. Bf4xc7 Rb8a8 18. Bc7xa5 c5 19. Nd3xc5 Ra8c8 20. b5 Rc8a8 21. Ba5d2 Qe8b8 22. f4 Qb8d6 23. b6 Be6d7 24. Bd2b4 Bd7c6 25. b7 Ra8b8 26. Nc5a6 Qd6d8 27. Na6xb8 Qd8xb8 28. Qd1d3 Qb8xb7 29. c3 Bc6xa4 30. Bb4c5 Ba4b3 31. O-O Rf8e8 32. f5 Re8b8 33. fxg6 hxg6 34. Rf1f2 Qb7d7 35. Qd3d2 Bg7f6 36. Rf2e2 Rb8b5 37. e4 Bb3c4 38. Rb1xb5 Qd7xb5 39. Re2e3 Bf6g5 40. Bc5xe7 Bg5xe7 41. Re3f3 dxe4 42. Rf3f2 Be7g5 43. Qd2c2 e3 44. Rf2g2 e2 45. Qc2e4 Bg5h4 46. Qe4a8 Kg8g7 0-1

[Event "RHP Coorespondance"]
[Date "2007.09.23"]
[EndDate "2007.10.09"]
[Round "?"]
[White "Seider, Bart"]
[Black "Tomasino, James"]
[WhiteRating "978"]
[BlackRating "1785"]
[WhiteElo "978"]
[BlackElo "1785"]
[Result "0-1"]
[GameId "4062896"]

1. e4 c6 2. d3 d5 3. b3 e5 4. a4 Ng8f6 5. Ng1f3 Bc8g4 6. h3 Bg4xf3 7. gxf3 Bf8c5 8. Bc1b2 Nb8d7 9. c4 dxe4 10. fxe4 Bc5b4 11. Bb2c3 Qd8a5 12. d4 Bb4xc3 13. Nb1xc3 Qa5xc3 14. Ke1e2 Nf6xe4 15. Ra1a2 exd4 16. Qd1d3 Nd7c5 17. Qd3c2 d3 18. Ke2d1 dxc2 19. Ra2xc2 Qc3a1 20. Rc2c1 Ne4c3 21. Kd1c2 Qa1a3 22. Bf1e2 Qa3xb3 23. Kc2d2 Nc5e4 24. Kd2e3 O-O-O 25. Be2g4 Kc8b8 26. f3 Rh8e8 27. fxe4 Re8xe4 28. Ke3f3 Rd8d3 29. Kf3f2 Qb3b2 30. Kf2f1 Qb2xc1 31. Kf1g2 Qc1d2 32. Bg4e2 Re4xe2 33. Kg2g1 Qd2d1 0-1

[Event "RHP Coorespondance"]
[Date "2007.09.22"]
[EndDate "2007.10.03"]
[Round "?"]
[White "Tomasino, James"]
[Black "Orlando, Christopher"]
[WhiteRating "1785"]
[BlackRating "1522"]
[WhiteElo "1785"]
[BlackElo "1522"]
[Result "1-0"]
[GameId "4062286"]

1. e4 d6 2. Ng1f3 Ng8f6 3. Nb1c3 g6 4. d4 Bf8g7 5. Bf1e2 O-O 6. O-O a6 7. d5 c6 8. Bc1g5 Nb8d7 9. b4 a5 10. b5 e6 11. bxc6 bxc6 12. dxc6 Nd7e5 13. Nf3xe5 dxe5 14. Qd1xd8 Rf8xd8 15. c7 Rd8d4 16. Rf1d1 Bc8b7 17. Nc3b5 Nf6xe4 18. Nb5xd4 Ne4xg5 19. Nd4b5 Bb7a6 20. Rd1d8 Bg7f8 21. Rd8xa8 Kg8g7 22. Ra8xa6 e4 23. c8=Q e5 24. Ra6a8 Ng5e6 25. Nb5d6 g5 26. Nd6f5 Kg7f6 27. Be2g4 h5 28. h3 hxg4 29. hxg4 a4 30. Ra8a6 a3 31. Qc8xf8 e3 32. Qf8g7 1-0

[Event "RHP Coorespondance"]
[Date "2007.09.22"]
[EndDate "2007.09.25"]
[Round "?"]
[White "Tomasino, James"]
[Black "Hamp, David"]
[WhiteRating "1785"]
[BlackRating "1129"]
[WhiteElo "1785"]
[BlackElo "1129"]
[Result "1-0"]
[GameId "4060360"]

1. d4 d5 2. c4 e6 3. Nb1c3 Bf8b4 4. Ng1f3 Nb8c6 5. Bc1d2 Nc6a5 6. e4 Na5xc4 7. e5 Ng8h6 8. Bd2xh6 Bb4xc3 9. bxc3 gxh6 10. Qd1c2 Nc4b6 11. Bf1d3 c5 12. Bd3xh7 Ke8d7 13. c4 Nb6xc4 14. Bh7d3 Qd8g8 15. O-O b5 16. dxc5 Qg8g7 17. Nf3d4 Bc8a6 18. c6 Kd7c7 19. a4 Rh8g8 20. g3 Qg7xe5 21. Qc2c3 Ra8b8 22. axb5 Kc7b6 23. Ra1xa6 Kb6c5 24. c7 Qe5xd4 25. Ra6c6 Kc5xb5 26. Qc3xd4 Kb5xc6 27. cxb8=Q Rg8xb8 28. Bd3xc4 Rb8b4 29. Bc4xd5 Kc6b5 30. Bd5c6 Kb5a5 31. Rf1a1 1-0

[Event "RHP Coorespondance"]
[Date "2007.09.22"]
[EndDate "2007.10.16"]
[Round "?"]
[White "Tomasino, James"]
[Black "Spotto, Daniel"]
[WhiteRating "1785"]
[BlackRating "1607"]
[WhiteElo "1785"]
[BlackElo "1607"]
[Result "1-0"]
[GameId "4060346"]

1. d4 d5 2. c4 c5 3. Ng1f3 e6 4. cxd5 exd5 5. e3 Ng8f6 6. dxc5 Bf8xc5 7. Nb1c3 Bc8g4 8. Bf1b5 Nb8d7 9. Nc3xd5 O-O 10. Nd5f4 Qd8a5 11. Bc1d2 Qa5xb5 12. h3 Bg4f5 13. g4 Bf5e4 14. Rh1g1 Ra8e8 15. Nf3g5 Nd7e5 16. Rg1g3 Nf6d5 17. Ng5xe4 Nd5xf4 18. exf4 Ne5d3 19. Ke1f1 Nd3xb2 20. Qd1e2 Qb5a4 21. Ne4xc5 Re8xe2 22. Nc5xa4 Re2xd2 23. Na4xb2 Rd2xb2 24. Rg3e3 Rf8c8 25. Ra1e1 Kg8f8 26. g5 Rb2xa2 27. h4 b5 28. h5 g6 29. h6 Ra2a6 30. Re1d1 f6 31. Rd1d7 fxg5 32. fxg5 Ra6a2 33. Rd7xh7 Rc8c2 34. Re3f3 Kf8e8 35. Rh7h8 Ke8d7 36. h7 Rc2c1 37. Kf1g2 Ra2a1 38. Rf3f7 Kd7e6 39. Rf7f6 Ke6e7 40. Rf6xg6 Rc1g1 41. Kg2f3 Ra1a3 42. Kf3f4 Ra3a4 43. Kf4f5 Rg1g4 44. Rg6e6 Ke7f7 45. g6 Kf7g7 46. Rh8g8 Kg7h6 47. h8=Q 1-0

[Event "RHP Coorespondance"]
[Date "2007.09.22"]
[EndDate "2007.10.01"]
[Round "?"]
[White "Lyden, John"]
[Black "Tomasino, James"]
[WhiteRating "977"]
[BlackRating "1785"]
[WhiteElo "977"]
[BlackElo "1785"]
[Result "0-1"]
[GameId "4060344"]

1. b4 e5 2. Bc1b2 f6 3. e4 d5 4. f3 Bf8xb4 5. exd5 Qd8xd5 6. a3 Bb4c5 7. d4 Bc5xd4 8. Bb2xd4 exd4 9. Qd1e2 Bc8e6 10. c4 dxc3 11. Nb1xc3 Qd5d7 12. Ra1d1 Qd7e7 13. Qe2b5 c6 14. Qb5h5 g6 15. Qh5a5 Be6b3 16. Nc3e2 Bb3xd1 17. Ke1xd1 b6 18. Qa5d2 Nb8d7 19. g4 O-O-O 20. Ne2f4 Nd7b8 21. Nf4d3 Qe7xa3 22. Qd2b4 Qa3a1 23. Kd1e2 Rd8e8 24. Ke2f2 Qa1a2 25. Ng1e2 Qa2e6 26. Ne2f4 Qe6e3 27. Kf2g3 g5 28. Nf4h5 Re8e4 29. Qb4f8 Kc8c7 30. Qf8g7 Nb8d7 31. Qg7xh8 Ng8h6 32. Qh8xf6 Re4xg4 33. Kg3h3 0-1

[Event "RHP Coorespondance"]
[Date "2007.09.17"]
[EndDate "2007.09.19"]
[Round "?"]
[White "Lyden, John"]
[Black "Tomasino, James"]
[WhiteRating "977"]
[BlackRating "1785"]
[WhiteElo "977"]
[BlackElo "1785"]
[Result "0-1"]
[GameId "4040880"]

1. d4 Ng8f6 2. Nb1c3 d5 3. b3 c5 4. dxc5 e6 5. Qd1d4 Qd8a5 6. Ke1d2 Bf8xc5 7. Qd4e5 d4 8. Bc1b2 dxc3 9. Bb2xc3 Qa5d8 10. Kd2c1 Nf6d5 11. Qe5xg7 Bc5xf2 12. Qg7xh8 Ke8e7 13. Qh8xh7 Nd5xc3 14. Kc1b2 Qd8d4 15. e3 Nc3d1 16. Kb2a3 Qd4xa1 17. Qh7g8 Qa1b2 18. Ka3b4 Nb8c6 19. Kb4c4 Qb2c3 20. Kc4b5 Qc3b4 0-1

[Event "Clan RHP Coorespondance"]
[Date "2007.09.08"]
[EndDate "2007.09.23"]
[Round "?"]
[White "Tomasino, James"]
[Black "Jeff83882"]
[WhiteRating "1785"]
[BlackRating "1170"]
[WhiteElo "1785"]
[BlackElo "1170"]
[Result "1-0"]
[GameId "4012073"]

1. e4 e5 2. Ng1f3 Nb8c6 3. d4 d6 4. d5 Nc6d4 5. c3 Nd4xf3 6. Qd1xf3 Bf8e7 7. Bf1c4 Ng8f6 8. Bc1e3 Bc8g4 9. Qf3g3 Qd8d7 10. h3 Bg4h5 11. Qg3xg7 O-O-O 12. Be3xa7 Nf6xe4 13. Qg7h6 Bh5g6 14. Qh6e3 Be7g5 15. Qe3e2 Qd7a4 16. Ba7e3 Bg5xe3 17. fxe3 Ne4g3 18. Qe2g4 Ng3f5 19. b3 Qa4a7 20. Qg4g5 h6 21. Qg5g4 Qa7xe3 22. Bc4e2 Kc8b8 23. Qg4f3 Qe3c1 24. Be2d1 Nf5e3 25. Ke1f2 Qc1b2 26. Kf2xe3 Qb2xa1 27. Bd1e2 Qa1xc3 28. Nb1xc3 1-0

[Event "Clan RHP Coorespondance"]
[Date "2007.09.07"]
[EndDate "2007.09.21"]
[Round "?"]
[White "Tomasino, James"]
[Black "Zorrothekid"]
[WhiteRating "1785"]
[BlackRating "1421"]
[WhiteElo "1785"]
[BlackElo "1421"]
[Result "1-0"]
[GameId "4007937"]

1. e4 c5 2. Ng1f3 Nb8c6 3. Nb1c3 d6 4. Nf3g5 h6 5. Qd1h5 g6 6. Qh5h4 Bf8g7 7. Ng5f3 Ng8f6 8. Bf1c4 a6 9. d3 b5 10. Bc4d5 Bc8b7 11. Bc1f4 Ra8b8 12. e5 dxe5 13. Nf3xe5 Nc6xe5 14. Bf4xe5 Bb7xd5 15. Nc3xd5 Rb8b7 16. c4 bxc4 17. dxc4 Rb7xb2 18. O-O Rb2e2 19. Be5xf6 exf6 20. Ra1d1 Qd8a8 21. Nd5c7 Ke8e7 22. Nc7xa8 Rh8xa8 23. Rd1e1 Re2xe1 24. Rf1xe1 Ke7f8 25. Qh4e4 Kf8g8 26. Qe4xa8 1-0

[Event "RHP Coorespondance"]
[Date "2007.09.04"]
[EndDate "2007.09.22"]
[Round "?"]
[White "Rosen, Joshua"]
[Black "Tomasino, James"]
[WhiteRating "1042"]
[BlackRating "1785"]
[WhiteElo "1042"]
[BlackElo "1785"]
[Result "0-1"]
[GameId "3994476"]

1. e4 c6 2. Bf1c4 d5 3. exd5 cxd5 4. Bc4b5 Nb8c6 5. d3 e5 6. Bc1e3 a6 7. Bb5a4 b5 8. Ba4b3 Ng8f6 9. c4 d4 10. Be3g5 g6 11. h3 Bc8b7 12. cxb5 axb5 13. Ng1f3 Bf8g7 14. O-O O-O 15. Nb1d2 Qd8d7 16. Ra1c1 Nc6b4 17. Nf3xe5 Qd7f5 18. Ne5g4 Qf5xg5 19. Nd2e4 Nf6xe4 20. Rc1c7 Ne4d6 21. Rf1e1 Nb4d5 22. Ng4e3 Nd5xc7 23. Qd1c1 Ra8c8 24. a4 Nc7d5 25. Qc1a1 Nd5xe3 26. fxe3 Qg5xg2 0-1

[Event "RHP Coorespondance"]
[Date "2007.08.27"]
[EndDate "2007.09.15"]
[Round "?"]
[White "Tomasino, James"]
[Black "Hamp, David"]
[WhiteRating "1785"]
[BlackRating "1129"]
[WhiteElo "1785"]
[BlackElo "1129"]
[Result "1-0"]
[GameId "3962390"]

1. e4 e5 2. Ng1f3 f6 3. Bf1c4 Ng8e7 4. O-O c6 5. Nb1c3 d5 6. exd5 cxd5 7. Bc4b5 Bc8d7 8. a4 a6 9. Bb5xd7 Qd8xd7 10. d3 Qd7c7 11. d4 Nb8d7 12. dxe5 fxe5 13. Nf3g5 Qc7c6 14. Qd1f3 Nd7f6 15. b4 h6 16. b5 Qc6d7 17. Rf1e1 hxg5 18. Bc1xg5 Ne7g8 19. Re1xe5 Bf8e7 20. Nc3xd5 Rh8h5 21. Nd5xe7 Ng8xe7 22. Bg5xf6 Rh5xe5 23. Bf6xe5 O-O-O 24. c4 Qd7e6 25. Be5xg7 Qe6xc4 26. bxa6 bxa6 27. Ra1b1 Ne7d5 28. h4 Qc4c2 29. Rb1d1 Qc2c4 30. Qf3f5 Rd8d7 31. h5 Qc4b3 32. Rd1d2 Qb3b7 33. Bg7e5 Nd5e7 34. Qf5f8 1-0

[Event "RHP Coorespondance"]
[Date "2007.08.21"]
[EndDate "2007.09.11"]
[Round "?"]
[White "Tomasino, James"]
[Black "Red Beard"]
[WhiteRating "1785"]
[BlackRating "1129"]
[WhiteElo "1785"]
[BlackElo "1129"]
[Result "1-0"]
[GameId "3941908"]

1. e4 e6 2. Ng1f3 c6 3. d4 g6 4. h4 a6 5. Nf3g5 Qd8a5 6. c3 h6 7. Ng5xf7 Ke8xf7 8. Qd1f3 Ng8f6 9. Bf1c4 Qa5c7 10. e5 d5 11. exd6 Bf8xd6 12. O-O g5 13. hxg5 hxg5 14. Bc1xg5 Bd6e7 15. g3 b5 16. Bc4b3 Rh8g8 17. Qf3f5 Rg8xg5 18. Qf5xg5 Nf6e4 19. Qg5h6 c5 20. Qh6h7 Kf7f6 21. Qh7xe4 c4 22. Bb3c2 Be7d6 23. Qe4g6 Kf6e7 24. Qg6g7 Ke7e8 25. Bc2g6 Ke8d8 26. Qg7g8 Kd8e7 27. Qg8f7 Ke7d8 28. Qf7e8 1-0

[Event "RHP Coorespondance"]
[Date "2007.08.20"]
[EndDate "2007.09.21"]
[Round "?"]
[White "Tomasino, James"]
[Black "Spotto, Daniel"]
[WhiteRating "1785"]
[BlackRating "1607"]
[WhiteElo "1785"]
[BlackElo "1607"]
[Result "1-0"]
[GameId "3938262"]

1. e4 d6 2. d4 Ng8f6 3. Nb1c3 g6 4. Bc1g5 Bf8g7 5. e5 dxe5 6. d5 b6 7. Qd1f3 Bc8b7 8. O-O-O Nb8a6 9. Bf1b5 Ke8f8 10. Qf3h3 h6 11. Bg5e3 h5 12. Be3g5 Bg7h6 13. Bg5xh6 Rh8xh6 14. Qh3e3 Nf6g4 15. Qe3g5 f6 16. Qg5d2 Kf8g7 17. Ng1f3 Na6c5 18. Nf3h4 Bb7a6 19. Bb5d3 Ba6xd3 20. cxd3 Ra8c8 21. h3 Ng4xf2 22. Qd2xf2 Qd8d7 23. Qf2f3 c6 24. d6 Nc5e6 25. dxe7 Qd7xe7 26. g4 a5 27. Nc3e4 Ne6g5 28. Ne4xg5 Qe7c5 29. Kc1b1 e4 30. Ng5e6 Kg7f7 31. Qf3xe4 Qc5e5 32. Rh1e1 Qe5g3 33. g5 Rh6h8 34. Qe4xg6 Kf7e7 35. Nh4f5 Ke7d7 36. Qg6f7 1-0

[Event "RHP Coorespondance"]
[Date "2007.08.17"]
[EndDate "2007.08.20"]
[Round "?"]
[White "Hamp, David"]
[Black "Tomasino, James"]
[WhiteRating "1129"]
[BlackRating "1785"]
[WhiteElo "1129"]
[BlackElo "1785"]
[Result "0-1"]
[GameId "3932221"]

1. e4 c6 2. d4 d5 3. Nb1c3 dxe4 4. Bc1e3 Ng8f6 5. f3 Nf6d5 6. Ng1e2 Nb8d7 7. Qd1d2 Nd7f6 8. fxe4 Nd5xc3 9. Ne2xc3 g6 10. O-O-O Bf8g7 11. Bf1e2 O-O 12. Rh1f1 b5 13. e5 Nf6g4 14. Be3f4 Bc8e6 15. h3 b4 16. Nc3e4 Be6xa2 17. Be2xg4 Qd8a5 18. b3 Qa5a3 0-1

[Event "RHP Coorespondance"]
[Date "2007.08.17"]
[EndDate "2007.09.04"]
[Round "?"]
[White "Tomasino, James"]
[Black "Rosen, Joshua"]
[WhiteRating "1785"]
[BlackRating "1042"]
[WhiteElo "1785"]
[BlackElo "1042"]
[Result "1-0"]
[GameId "3931804"]

1. e4 e5 2. Ng1f3 d6 3. Bf1c4 Ng8f6 4. d4 Nf6xe4 5. O-O Bc8f5 6. b3 Nb8c6 7. Nb1d2 Bf8e7 8. Bc1b2 O-O 9. dxe5 dxe5 10. Nf3xe5 Nc6xe5 11. Bb2xe5 Be7c5 12. Bc4d3 Bc5xf2 13. Rf1xf2 Ne4xf2 14. Qd1f3 Qd8g5 15. Qf3xf2 Bf5xd3 16. Nd2f3 Qg5e7 17. cxd3 Qe7a3 18. Qf2g3 Ra8e8 19. Qg3xg7 1-0

[Event "RHP Coorespondance"]
[Date "2007.08.15"]
[EndDate "2007.08.29"]
[Round "?"]
[White "Tomasino, James"]
[Black "Lyden, John"]
[WhiteRating "1785"]
[BlackRating "977"]
[WhiteElo "1785"]
[BlackElo "977"]
[Result "1-0"]
[GameId "3921298"]

1. e4 e5 2. Ng1f3 Bf8d6 3. d4 Qd8e7 4. d5 c5 5. Bf1c4 b5 6. Bc4xb5 Bc8b7 7. Nb1c3 g6 8. O-O a6 9. Bb5a4 f5 10. Bc1g5 Ng8f6 11. Qd1d3 h6 12. Bg5xf6 Qe7xf6 13. exf5 gxf5 14. Ra1e1 e4 15. Qd3e3 Rh8g8 16. g3 Ke8f7 17. a3 Rg8g4 18. b4 exf3 19. bxc5 Bd6e5 20. c6 dxc6 21. Qe3b6 Qf6e7 22. d6 Qe7d7 23. Re1xe5 Kf7f6 24. Rf1e1 a5 25. Nc3d5 Kf6g5 26. Re5e6 Ra8a6 27. Qb6e3 f4 28. Qe3e5 1-0

[Event "RHP Coorespondance"]
[Date "2007.08.14"]
[EndDate "2007.08.17"]
[Round "?"]
[White "Hamp, David"]
[Black "Tomasino, James"]
[WhiteRating "1129"]
[BlackRating "1785"]
[WhiteElo "1129"]
[BlackElo "1785"]
[Result "0-1"]
[GameId "3920012"]

1. e4 e5 2. Ng1f3 Nb8c6 3. Bf1b5 f5 4. d4 fxe4 5. Nf3xe5 Nc6xe5 6. dxe5 a6 7. Bb5c4 Ng8e7 8. Nb1c3 b5 9. Bc4b3 Bc8b7 10. Bb3d5 c6 11. b3 cxd5 12. Bc1a3 Qd8c8 13. Ba3xe7 Bf8xe7 14. Qd1d4 Be7g5 15. O-O a5 16. Nc3xb5 O-O 17. f4 exf3 18. Nb5d6 f2 19. Rf1xf2 Qc8c6 20. Nd6f5 Qc6e6 21. Ra1f1 Bb7a6 22. Nf5e7 Bg5xe7 23. Rf1e1 Be7b4 24. c3 Bb4e7 25. c4 dxc4 26. Re1c1 cxb3 27. axb3 Ba6b7 28. Rc1c3 Ra8c8 29. Rc3g3 Rc8c1 30. Rf2f1 Rf8xf1 0-1

[Event "RHP Coorespondance"]
[Date "2007.08.13"]
[EndDate "2007.09.15"]
[Round "?"]
[White "Tomasino, James"]
[Black "Saundemk"]
[WhiteRating "1785"]
[BlackRating "1306"]
[WhiteElo "1785"]
[BlackElo "1306"]
[Result "1-0"]
[GameId "3915197"]

1. e4 e5 2. Ng1f3 Nb8c6 3. Bf1c4 Bf8c5 4. c3 d6 5. a3 Ng8f6 6. Nf3g5 O-O 7. O-O h6 8. d3 Bc8g4 9. Qd1d2 hxg5 10. Qd2xg5 Bg4e6 11. Bc4xe6 fxe6 12. Qg5g6 Nc6e7 13. Qg6g3 Nf6h7 14. Bc1h6 Rf8f7 15. b4 Bc5b6 16. Nb1d2 Qd8d7 17. Nd2c4 Ra8f8 18. Nc4xb6 cxb6 19. f4 Qd7b5 20. c4 Qb5c6 21. fxe5 b5 22. Rf1xf7 Rf8xf7 23. Ra1f1 Qc6e8 24. exd6 Rf7xf1 25. Kg1xf1 Qe8f7 26. Kf1g1 Ne7c6 27. cxb5 Nc6d4 28. Qg3g4 Nh7f6 29. Qg4g5 Nf6d7 30. h3 Kg8h8 31. Qg5d8 Kh8h7 32. Bh6e3 e5 33. Qd8g5 Qf7f6 34. Qg5h5 Kh7g8 35. Qh5e8 Nd7f8 36. d7 Nd4e6 37. Be3c5 b6 38. Bc5xf8 Qf6xf8 39. Qe8xe6 Kg8h8 40. Qe6e8 1-0

[Event "RHP Coorespondance"]
[Date "2007.08.12"]
[EndDate "2007.08.14"]
[Round "?"]
[White "Tomasino, James"]
[Black "Hamp, David"]
[WhiteRating "1785"]
[BlackRating "1129"]
[WhiteElo "1785"]
[BlackElo "1129"]
[Result "1-0"]
[GameId "3909369"]

1. e4 e5 2. d3 Nb8c6 3. Nb1d2 Nc6d4 4. Ng1f3 Ng8f6 5. g3 d5 6. Nf3xe5 Bf8d6 7. Ne5f3 Bc8g4 8. Bf1g2 h5 9. e5 Bd6xe5 10. O-O h4 11. h3 Bg4xf3 12. Nd2xf3 Rh8h5 13. g4 Rh5h7 14. Nf3xd4 Be5xd4 15. Rf1e1 Ke8f8 16. Bc1g5 Kf8g8 17. Re1e5 Bd4xe5 18. d4 Be5d6 19. Bg2xd5 Qd8e8 20. Qd1d3 Nf6xd5 21. Qd3f5 g6 22. Qf5xd5 c6 23. Qd5xd6 Ra8d8 1-0

[Event "RHP Coorespondance"]
[Date "2007.08.12"]
[EndDate "2007.08.12"]
[Round "?"]
[White "Hamp, David"]
[Black "Tomasino, James"]
[WhiteRating "1129"]
[BlackRating "1785"]
[WhiteElo "1129"]
[BlackElo "1785"]
[Result "0-1"]
[GameId "3909280"]

1. e4 e5 2. b4 Bf8xb4 3. c3 Bb4c5 4. Qd1g4 Ng8f6 5. Qg4xg7 Rh8g8 6. Qg7h6 d6 7. Qh6h4 Nb8d7 8. Bc1a3 b6 9. Bf1c4 Qd8e7 10. Bc4d5 Nf6xd5 11. Qh4xe7 Nd5xe7 12. Ng1f3 Rg8xg2 13. Rh1g1 Rg2xf2 14. Rg1g7 Rf2xf3 15. Rg7xh7 Ne7g6 16. c4 Nd7f6 17. Ke1e2 Rf3f2 0-1

[Event "RHP Coorespondance"]
[Date "2007.08.10"]
[EndDate "2007.09.15"]
[Round "?"]
[White "Orlando, Christopher"]
[Black "Tomasino, James"]
[WhiteRating "1522"]
[BlackRating "1785"]
[WhiteElo "1522"]
[BlackElo "1785"]
[Result "0-1"]
[GameId "3906293"]

1. e4 e5 2. Ng1f3 Nb8c6 3. d4 d6 4. Nb1c3 exd4 5. Nf3xd4 g6 6. Nc3d5 Ng8f6 7. Bc1g5 Bf8g7 8. Bf1b5 Bc8d7 9. c3 O-O 10. Qd1f3 Nc6e5 11. Qf3f4 Bd7xb5 12. Nd4xb5 Ne5d7 13. O-O-O c6 14. Nd5xf6 Nd7xf6 15. Bg5xf6 Qd8xf6 16. Qf4xf6 Bg7xf6 17. Rd1xd6 Bf6g5 18. Kc1c2 Ra8d8 19. Rd6xd8 Rf8xd8 20. Nb5d4 c5 21. Nd4f3 Bg5h6 22. Rh1b1 b5 23. b4 c4 24. g3 Rd8d3 25. Nf3e1 Rd3d2 26. Kc2c1 Rd2xf2 27. Kc1d1 Rf2d2 28. Kd1c1 Rd2xa2 29. Kc1d1 Ra2d2 30. Kd1c1 Rd2xh2 31. Kc1d1 Rh2d2 32. Kd1c1 Rd2e2 33. Kc1d1 Re2xe4 34. Rb1b2 Re4e3 35. Kd1d2 Re3xg3 36. Kd2c2 Bh6g7 37. Rb2a2 Bg7xc3 38. Ra2a3 Rg3g1 39. Ne1f3 Rg1f1 40. Ra3xc3 h5 41. Nf3d4 Rf1f2 42. Kc2d1 h4 43. Nd4xb5 f5 44. Nb5xa7 g5 45. Rc3h3 g4 46. Rh3xh4 g3 47. Rh4h1 g2 48. Rh1e1 Rf2f1 49. Kd1e2 Rf1xe1 50. Ke2xe1 g1=Q 51. Ke1d2 Qg1xa7 52. Kd2c3 Qa7c7 53. Kc3d4 f4 54. b5 c3 55. b6 Qc7xb6 56. Kd4xc3 Qb6d6 57. Kc3c4 f3 0-1

[Event "RHP Coorespondance"]
[Date "2007.08.10"]
[EndDate "2007.08.12"]
[Round "?"]
[White "Hamp, David"]
[Black "Tomasino, James"]
[WhiteRating "1129"]
[BlackRating "1785"]
[WhiteElo "1129"]
[BlackElo "1785"]
[Result "0-1"]
[GameId "3906074"]

1. e3 c5 2. d4 Qd8a5 3. Bc1d2 Qa5b6 4. Bf1c4 Ng8f6 5. a4 d5 6. Bc4b5 Nb8d7 7. Nb1c3 g6 8. a5 Qb6e6 9. h3 Bf8g7 10. Ng1e2 O-O 11. Ne2f4 Qe6d6 12. Qd1f3 e6 13. Qf3g3 cxd4 14. Nf4xd5 Qd6xg3 15. fxg3 exd5 16. Nc3e2 Nd7c5 17. Bd2b4 b6 18. axb6 Nf6e4 19. Bb4xc5 Ne4xc5 20. O-O dxe3 21. Ra1xa7 Ra8xa7 22. bxa7 Bc8b7 23. b4 Nc5e4 24. Rf1d1 Bg7e5 25. c4 d4 26. c5 Ne4xg3 27. c6 Bb7xc6 28. Bb5xc6 Ng3xe2 29. Kg1f1 Ne2g3 30. Kf1e1 e2 31. a8=Q Rf8xa8 32. Bc6xa8 f5 33. Rd1a1 d3 34. Ke1d2 Be5xa1 35. b5 Ng3e4 36. Kd2e1 Ba1c3 0-1

[Event "RHP Coorespondance"]
[Date "2007.08.09"]
[EndDate "2007.08.22"]
[Round "?"]
[White "Rodrigues, Nelio"]
[Black "Tomasino, James"]
[WhiteRating "1390"]
[BlackRating "1785"]
[WhiteElo "1390"]
[BlackElo "1785"]
[Result "0-1"]
[GameId "3899169"]

1. e4 e5 2. Ng1f3 Nb8c6 3. Bf1c4 Ng8f6 4. d3 Bf8c5 5. h3 d6 6. a3 d5 7. exd5 Nf6xd5 8. Bc1g5 f6 9. Bg5h4 g5 10. Bh4g3 Bc8e6 11. Bc4b3 b5 12. Nb1d2 b4 13. a4 Nd5e3 14. fxe3 Qd8d7 15. Bb3xe6 Qd7xe6 16. Qd1e2 O-O-O 17. Nd2e4 Bc5b6 18. Ne4f2 b3 19. c3 a5 20. Nf3d2 Rh8g8 21. O-O f5 22. Nf2d1 f4 23. Bg3f2 f3 24. Nd2xf3 g4 25. hxg4 Qe6xg4 26. Bf2h4 Rd8xd3 27. g3 e4 28. Qe2g2 Bb6xe3 29. Nd1xe3 Rd3xe3 30. Nf3d2 Re3e2 31. Rf1f2 Re2xf2 32. Qg2xf2 Qg4xh4 33. Kg1g2 Qh4g4 34. Ra1h1 h5 35. Rh1h4 Qg4xh4 36. Qf2e3 Qh4g4 37. Nd2xe4 h4 38. Kg2f2 h3 39. Ne4f6 Qg4f5 40. Qe3f3 Qf5xf3 41. Kf2xf3 Rg8f8 42. Kf3g4 Rf8h8 43. Nf6e4 h2 44. Ne4f2 h1=Q 45. Nf2xh1 Rh8xh1 46. Kg4f4 Rh1h2 47. g4 Rh2xb2 48. Kf4f5 Rb2f2 49. Kf5g5 b2 50. Kg5h6 b1=Q 51. g5 Rf2g2 0-1

[Event "RHP Coorespondance"]
[Date "2007.08.06"]
[EndDate "2007.08.10"]
[Round "?"]
[White "Hamp, David"]
[Black "Tomasino, James"]
[WhiteRating "1129"]
[BlackRating "1785"]
[WhiteElo "1129"]
[BlackElo "1785"]
[Result "0-1"]
[GameId "3890331"]

1. e4 e5 2. Bf1c4 Ng8f6 3. d3 Nb8c6 4. Bc1d2 Bf8c5 5. Bd2e3 b6 6. Ng1f3 Nf6g4 7. d4 exd4 8. Be3xd4 Nc6xd4 9. Nf3xd4 Qd8f6 10. O-O Bc5xd4 11. Qd1xg4 d5 12. Qg4f3 dxc4 13. Qf3xf6 Bd4xf6 14. Nb1d2 Bc8e6 15. Ra1e1 O-O-O 16. e5 Rd8xd2 17. exf6 gxf6 18. b3 Rh8g8 19. g3 Be6d5 20. Re1e3 f5 21. f4 Rd2g2 22. Kg1h1 Rg2e2 23. Rf1f3 Bd5xf3 24. Re3xf3 Rg8d8 25. Rf3f1 Rd8d2 26. Kh1g1 Re2g2 27. Kg1h1 Rg2xh2 28. Kh1g1 Rd2g2 0-1